The Hits of Kylie Minogue - Statistics

General Stats
  • This quiz has been taken 34 times
  • The average score is 15 of 20
Answer Stats
Hint Answer % Correct
Can't Get You - Out Of My Head
100%
Spinning - Around
96%
Confide - In Me
96%
I Wouldn't Change - A Thing
92%
Love At - First Sight
92%
On A Night - Like This
88%
Better The Devil - You Know
88%
Where The Wild - Roses Grow
80%
I Should Be - So Lucky
80%
Especially - For You
76%
I Believe - In You
76%
Step Back - In Time
72%
What Do I - Have To Do
68%
All - The Lovers
68%
Got To - Be Certain
64%
Hand On - Your Heart
60%
Give Me Just - A Little More Time
56%
Word - Is Out
56%
Some Kind - Of Bliss
52%
If You Were - With Me Now
44%
No matching quizzes found
Score Distribution
Percent of People with Each Score
Percentile by Number Answered
Your Score History
You have not taken this quiz